Online
Catalog

Dominican Republic : guidelines for investment in mining = República Dominicana : lineamientos para la inversión en minería. (Record no. 29280)

MARC details
000 -CABECERA
campo de control de longitud fija 00915nam a2200181 a 4500
001 - NÚMERO DE CONTROL
campo de control 000029788
005 - FECHA Y HORA DE LA ÚLTIMA TRANSACCIÓN
campo de control 20200930055815.0
008 - DATOS DE LONGITUD FIJA--INFORMACIÓN GENERAL
campo de control de longitud fija 110425s1984 dr ab 000 0 spa d
040 ## - FUENTE DE LA CATALOGACIÓN
Centro catalogador/agencia de origen DO-SdBNP
Lengua de catalogación spa
Centro/agencia transcriptor BNPHU
082 ## - NÚMERO DE LA CLASIFICACIÓN DECIMAL DEWEY
Número de clasificación xxx
Número de documento/Ítem R426d, 1984
049 ## - FONDOS LOCALES (OCLC)
Fondos de biblioteca BNPD
110 1# - ENTRADA PRINCIPAL--NOMBRE DE ENTIDAD CORPORATIVA
Nombre de entidad corporativa o nombre de jurisdicción como elemento de entrada República Dominicana
Unidad subordinada Secretaría de Estado de Industria y Comercio
9 (RLIN) 36704
245 10 - MENCIÓN DE TÍTULO
Título Dominican Republic : guidelines for investment in mining = República Dominicana : lineamientos para la inversión en minería.
250 ## - MENCIÓN DE EDICIÓN
Mención de edición 2a ed.
260 ## - PUBLICACIÓN, DISTRIBUCIÓN, ETC.
Lugar de publicación, distribución, etc. Santo Domingo :
Nombre del editor, distribuidor, etc. Secretaría de Estado de Industria y Comercio, Dirección General de Minería,
Fecha de publicación, distribución, etc. 1984.
300 ## - DESCRIPCIÓN FÍSICA
Extensión 47 p. :
Otras características físicas il., mapas ;
Dimensiones 27 cm.
500 ## - NOTA GENERAL
Nota general En la cabeza del título: República Dominicana, una Secretarías de Estado de Industria y Comercio, Dirección General de Minería. "Minería de la política de la República Dominicana" ([6] p.) que se inserta en la p. 25.
Holdings
Estado de retiro Estado de pérdida No para préstamo Código de colección Localización permanente Ubicación/localización actual Ubicación en estantería Fecha de adquisición Número de inventario Total de préstamos Signatura topográfica completa Código de barras Fecha visto por última vez Precio válido a partir de Tipo de ítem Koha
    Excluido de préstamo Patrimonio Dominicano Patrimonio Dominicano Patrimonio Dominicano En catalogación 25.04.2011 LF1   xxx R426d, 1984 29788-10 25.06.2020 25.06.2020 Libro y Folleto Colección Patrimonio Dominicano

Powered by Koha